000 00951nam a22002655i 4500
001 11876
003 ES-MaACL
005 20251017063041.0
007 t|
008 940714s1994 sp ||||0| spa j
020 _a84-7824-206-6
040 _aM-BN
_bspa
_cM-BN
080 _a869.9-31"19"
100 1 _aOtero, Aníbal,
_d1911-1974
_987877
245 1 0 _aEsmoriz /
_cAníbal Otero ; introducción de Claudio Rodríguez Fer ; análise lingüística de Armando Requeixo ; transcrición de Miguel Anxo Murado e Armando Requeixo.
260 _aSantiago de Compostela :
_bSotelo Blanco,
_cD.L. 1994.
300 _a164 p ;
_c20 cm.
490 1 _aLiteratura e crítica ;
_v8
700 1 _aRodríguez Fer, Claudio,
_d1956-
_998513
700 1 _aRequeixo, Armando.
_996279
700 1 _aAnxo Murado, Miguel.
_922014
830 0 _aLiteratura e crítica ;
_v8
_9228228
852 _aES-MaACL
_jL-19213
_bR.124018
999 _c11876
_d11876